000 00568nam a2200217Ia 4500
003 OSt
005 20220927105001.0
006 a|||||r|||| 00| 0
007 ta
008 220926b |||||||| |||| 00| 0 eng d
024 _a196347
037 _cReference Collections
040 _aRTL
_cRTL
_beng
041 _2eng
_aeng
082 _a"Q7:33, G7"
100 _aKarim Maulvi Abdul
_9369085
245 0 _aProphet of Isam and his Teachings
260 _c1937
942 _h"Q7:33, G7"
_cCC
999 _c689954
_d689954